000 00516nam a2200169 i 4500
001 81907
003 ES-MaACL
005 20250712024116.0
007 t|
008 041108s1972 sp ||||1| spa d
100 1 _aIglesias Laguna, Antonio,
_d1927-1972
_965122
245 1 0 _aLiteratura de España día a día (1970-1971) /
_cAntonio Iglesias Laguna.
260 _a[Madrid :
_bEd. Nacional,
_c1972]
300 _aXIX, 526 p. ;
_c22 cm.
852 _aES-MaACL
_jC-48778
_bR.84755
999 _c81907
_d81907